|
|
|
|
| LEADER |
00000cam a2200000 a 4500 |
| 001 |
48718 |
| 003 |
Ucuenca |
| 005 |
20230707062703.0 |
| 008 |
003011|1977 ec||||||||r|||||||||||spa|| |
| 040 |
|
|
|b spa
|
| 041 |
0 |
|
|a spa
|
| 082 |
0 |
|
|a 986.6
|
| 100 |
1 |
|
|a Cevallos García, Gabriel.
|d 1913-2004
|9 20824
|
| 245 |
|
|
|a Evocaciones
|c Gabriel Cevallos García
|h imp
|
| 264 |
|
|
|a Cuenca
|b Municipalidad de Cuenca
|c 1977
|
| 300 |
|
|
|a 210 páginas:
|c 21 cm
|
| 600 |
1 |
0 |
|a Solano, Vicente.
|c Fray,
|d 1791-1865
|9 9314
|
| 650 |
|
|
|a Peralta jose
|9 300
|
| 650 |
|
|
|a Arte azuayo
|9 5420
|
| 650 |
|
0 |
|a Provincia del Azuay
|9 657
|
| 852 |
|
|
|a UC-CDJBV
|f Donación
|l 1
|m General
|p 20030113
|q 1.00
|r 8
|t 48718
|y 27652
|b 0
|d CDRC
|e CDRC
|g 986.6 TERCER PISO
|z 2003-30-11
|
| 852 |
|
|
|a UC-CDJBV
|f Donación
|k epenafiel
|l 2
|m General
|p 20130417
|q 1.00
|r 2
|t si7242
|b 0
|d CDRC
|e CDRC
|g 986.6 ESTANTERIA CERRADA
|z 2013-30-41
|
| 942 |
|
|
|c BK
|
| 999 |
|
|
|c 16226
|d 16226
|